Ayurveda: (Record no. 202973)

MARC details
000 -LEADER
fixed length control field 00571nam a22001817a 4500
005 - DATE AND TIME OF LATEST TRANSACTION
control field 20240517153941.0
010 ## - LCCN (DPL NO)
LC control number ENG-140373
020 ## - INTERNATIONAL STANDARD BOOK NUMBER
International Standard Book Number 9788195342839
Terms of availability 400.00
035 ## - SYSTEM CONTROL NUMBER
System control number EN-123905
037 ## - SOURCE OF ACQUISITION
Source of stock number/acquisition DBAD
082 ## - DEWEY DECIMAL CLASSIFICATION NUMBER
Classification number 615.538
245 ## - TITLE STATEMENT
Title Ayurveda:
Remainder of title Past And Present/
Statement of responsibility, etc Edited by Abhichal Chattopadhyay
260 ## - PUBLICATION, DISTRIBUTION, ETC. (IMPRINT)
Place of publication, distribution, etc Kolkata
Name of publisher, distributor, etc Dr. Satyabrata Chakrabarti
Date of publication, distribution, etc 2021
270 ## - ADDRESS
Address The Asiatic Society, 1 Park Street
City Kolkata
Postal code 700016
300 ## - PHYSICAL DESCRIPTION
Extent xvi,192p.
Dimensions 22cm.(pb)
700 ## - ADDED ENTRY--PERSONAL NAME
Personal name Chattopadhyay, Abhichal
9 (RLIN) 66297
942 ## - ADDED ENTRY ELEMENTS (KOHA)
Source of classification or shelving scheme Dewey Decimal Classification
Item type English Books
Classification part 615.538
Call number suffix CHA
Holdings
Withdrawn status Lost status Not for loan Collection code Home library Current library Date acquired Source of acquisition Cost, normal purchase price Full call number Barcode Copy number Cost, replacement price Koha item type
      Non-fiction Central Library Central Library 17/05/2024 DBAD 400.00 615.538 CHA EN-123905 1 400.00 English Books

© Delhi Public Library
Hit Counter
free hit counter